000
00328nam a22001457a 4500
008
210303b ||||| |||| 00| 0 eng d
020
_a
9781337405218
041
_a
eng
080
_a
316
082
_a
316
100
_a
50
101
_a
SOC
245
_a
Soc6 Introductions to Sociology
_c
Benokraitis, N. V
942
_2
udc
_c
BK
999
_c
55681
_d
55681